• 首页
  • 本馆介绍
  • 公告通知
  • 最新文献
  • 馆藏检索
  • 电子资源
  • 读者导购
  • 参考咨询
  • 我的图书馆
  • 登录
  • 详细信息显示
  • 放入我的书架
  • 预约/预借图书
  • 作者相关作品
  • 分类相关作品
  • 丛书相关作品
  • 出版社相关作品

书目信息

  • 表格格式
  • 工作单格式
  • 卡片格式
题名:
高等植物矿质营养
    
 
作者: 马希纳
分册:  
出版信息: 北京   科学出版社  2013
页数: 651
开本: 26cm
丛书名:
单 册:
中图分类: Q945.1
科图分类:
主题词: 植物生物学
电子资源:
ISBN: 7-03-035942-1
000 00617nam0 2200193 450
001 1735846483
005 20170410095726.48
010    @a7-03-035942-1@b精装
100    @a20170410d km y0chiy0120 ea
101 0  @achi
200 1  @a高等植物矿质营养@Agao deng zhi wu kuang zhi ying yang@eMarschner's Mineral Nutrition of Higher Plants,Third Edition@f(澳)马希纳@F(ao)ma xi na
205    @a3版
210    @a北京@c科学出版社@d2013
215    @a651@d26cm
606 0  @a植物生物学
690    @aQ945.1@v4
701  0 @a马希纳@Ama xi na
801  0 @aCN@b大连网信软件有限公司图书馆·11@c20170410
905    @b6604225@dQ945.1@en5@f1
    
    高等植物矿质营养:Marschner's Mineral Nutrition of Higher Plants,Third Edition/(澳)马希纳.-3版.-北京:科学出版社,2013
    651;26cm
    
    
    ISBN 7-03-035942-1(精装):
    
●
相关链接 在E读中查询图书 在五车中查询图书 在当当中查询图书 在豆瓣中查询图书


正题名:高等植物矿质营养     索取号:Q945.1/n5         预约/预借

序号 登录号 条形码 馆藏地/架位号 状态 备注
1 6604225   266042258   密集书库-生命科学系/ [索取号:Q945.1/n5] 在馆    
唐山师范学院图书馆 欢迎您!
大连网信软件有限公司© 版权所有